000 00316nam a2200121Ia 4500
005 20260328101446.0
008 260328s9999||||xx |||||||||||||| ||und||
100 _aTorres Mendez, Ramón
245 0 _aCostumbres Neogranadinas /
_cRamón Torres Mendez
260 _bEdiciones Sol y Luna
650 _aARTE
942 _cBK
999 _c8485
_d8485